Psychology in teaching and learning (Record no. 1995)

MARC details
000 -LEADER
fixed length control field 00538cam a2200193ua 4500
001 - CONTROL NUMBER
control field 2129
005 - DATE AND TIME OF LATEST TRANSACTION
control field 20260515113440.0
008 - FIXED-LENGTH DATA ELEMENTS--GENERAL INFORMATION
fixed length control field 110805n ii |||gr||||Z||||||eng
040 ## - CATALOGING SOURCE
Transcribing agency MAIN
082 ## - DEWEY DECIMAL CLASSIFICATION NUMBER
Classification number 150
100 ## - MAIN ENTRY--PERSONAL NAME
Personal name Trow, William Clark,
Relator term Author.
245 1# - TITLE STATEMENT
Title Psychology in teaching and learning
Statement of responsibility, etc. by William Clark Trow
250 ## - EDITION STATEMENT
Edition statement 1st.
260 ## - PUBLICATION, DISTRIBUTION, ETC.
Place of publication, distribution, etc. New Delhi:
Name of publisher, distributor, etc. Eurasia publishing house pvt. ltd.,970.
300 ## - PHYSICAL DESCRIPTION
Extent xv; 488p:
Other physical details ill;
Dimensions 23cm.
653 ## - INDEX TERM--UNCONTROLLED
Uncontrolled term Psychology
653 ## - INDEX TERM--UNCONTROLLED
Uncontrolled term Psychology in teaching and learning
942 ## - ADDED ENTRY ELEMENTS (KOHA)
Koha item type Books
Holdings
Withdrawn status Lost status Damaged status Not for loan Home library Current library Shelving location Date acquired Total checkouts Full call number Barcode Date last seen Copy number Price effective from Koha item type
        Naharkatiya College Library Naharkatiya College Library General stacks 09/19/2020   150 | TRO 11780 09/19/2020 1 09/19/2020 Books